July 2011: Power tools, red hot, full games, game demos, lin (Record no. 139690)

000 -LEADER
fixed length control field 00273nmm a2200097Ia 4500
008 - FIXED-LENGTH DATA ELEMENTS--GENERAL INFORMATION
fixed length control field 220120s9999||||xx |||||||||||||||||und||
020 ## - INTERNATIONAL STANDARD BOOK NUMBER
International Standard Book Number 0-07-049940-3
100 ## - MAIN ENTRY--PERSONAL NAME
Personal name CHIP magazine
245 #0 - TITLE STATEMENT
Title July 2011: Power tools, red hot, full games, game demos, lin
260 ## - PUBLICATION, DISTRIBUTION, ETC.
Name of publisher, distributor, etc. New Delhi
Holdings
Withdrawn status Lost status Damaged status Not for loan Home library Current library Date acquired Barcode Date last seen Price effective from Koha item type
        Central Library Central Library 01/20/2022 CD1241 01/20/2022 01/20/2022 Compact Disc

Powered by Koha